000 00325nam a2200121 i 4500
001 bg
245 0 _aPrzegląd zautomatyzowanych systemów biblioteczno-informacyjnych Politechniki Wrocławskiej.
260 _aWarszawa,
_c1984.
040 _cBPK
041 _apol
942 _cKS
008 s pl f |000 0 pol
999 _c23488
_d23488
856 _uhttp://koha.tu.koszalin.pl/cgi-bin/koha/opac-detail.pl?biblionumber=23488
_yKatalog online BPK